| 000 | 00842nam a2200229Ii 4500 | ||
|---|---|---|---|
| 003 | JO-AjNU | ||
| 008 | 230605s9999||||xx |||||||||||||| ||und|| | ||
| 017 | _a2011/3/1093 | ||
| 020 | _a978-9957-530-19-8 | ||
| 040 |
_aJO-AjNU _bara _erda _cJO-AjNU |
||
| 041 | _aara | ||
| 050 | 1 | 4 | _aPJ6166.Q34 2013 |
| 100 | 3 |
_aالقيسي، عودة الله منيع, _eauthor _949952 |
|
| 245 | 0 | 0 | _aبعض ما خطأه اللغويون وهو صواب وتصحيحات أخرى معجم العدناني" مثل" |
| 250 | _aالطبعة العربية الاولى | ||
| 264 | 3 | 1 | _aعمان: أمانة عمان الكبرى، 2013 |
| 300 | _a174ص | ||
| 336 |
_atext _btxt _2rdacontent |
||
| 337 |
_aunmediated _bn _2rdamedia |
||
| 338 |
_avolume _bnc _2rdacarrier |
||
| 650 | 4 |
_aاللغة العربية - الاخطاء اللغوية _949953 |
|
| 999 |
_aA21973 _c25541 _d25541 |
||